000 00352nam a2200145Ia 4500
008 200103s9999||||xx |||||||||||||| ||und||
020 _a592050602,
040 _aIMU-MPC
082 _aColumn-25
100 _aKaminski, Zbigniew and Giles, R.A.
245 0 _aPhysics, Vol. 2
260 _bLondon Iliffe Books Ltd.
_c1968
300 _a225
942 _cBK
999 _c6913
_d6913